[Event "POL-chT U20 2nd League"]
[Site "Sypniewo"]
[Date "2020.??.??"]
[Round "4.17"]
[White "Niemier, Martyna"]
[Black "Hertlein, Irena"]
[Result "0-1"]
[WhiteElo "1235"]
[BlackElo "1893"]
[PlyCount "74"]
[EventDate "2020.10.23"]
[EventType "team-swiss"]
[EventRounds "9"]
[EventCountry "POL"]
[SourceTitle "CBM 199 Extra"]
[Source "ChessBase"]
[SourceDate "2021.01.31"]
[SourceVersion "1"]
[SourceVersionDate "2021.01.31"]
[SourceQuality "1"]

1. d4 Nf6 2. c4 e6 3. Nf3 b6 4. Bg5 Bb7 5. e3 Bb4+ 6. Nbd2 h6 7. Bh4 g5 8. Bg3 g4 9. Ne5 Ne4 10. Qxg4 Bxd2+ 11. Kd1 Qg5 12. a3 Bxe3 13. Qxg5 Bxg5 14. Be2 d6 15. Nd3 Bf6 16. Bh5 Bxd4 17. Rb1 Nd7 18. f3 Nef6 19. Bg4 Nxg4 20. fxg4 Bxg2 21. Re1 Bf3+ 22. Kd2 Bxg4 23. Re4 Bf5 24. Rxd4 Nc5 25. Rf1 Bxd3 26. Rxd3 Nxd3 27. Kxd3 f5 28. b4 Kd7 29. Rc1 e5 30. c5 bxc5 31. bxc5 Rab8 32. Kc4 f4 33. Bf2 Rb2 34. Bg1 Ke6 35. cxd6 cxd6 36. Kd3 Rb3+ 37. Ke4 d5# 0-1

[Event "Poznan op 27th"]
[Site "Poznan"]
[Date "2019.08.23"]
[Round "7"]
[White "Niemier, Martyna"]
[Black "Frackowiak, Lena"]
[Result "1/2-1/2"]
[WhiteElo "1231"]
[BlackElo "1037"]
[PlyCount "82"]
[EventDate "2019.08.18"]
[EventType "swiss"]
[EventRounds "9"]
[EventCountry "POL"]
[SourceTitle "EXT 2020"]
[Source "ChessBase"]
[SourceDate "2019.10.17"]
[SourceVersion "1"]
[SourceVersionDate "2019.10.17"]
[SourceQuality "1"]

1. d4 d5 2. c4 e6 3. Nc3 Bb4 4. Nf3 Nf6 5. Bg5 0-0 6. e3 Bxc3+ 7. bxc3 h6 8. Bh4 Nc6 9. Bd3 Re8 10. 0-0 e5 11. Nxe5 Nxe5 12. dxe5 Rxe5 13. Bxf6 Qxf6 14. cxd5 Bf5 15. Bxf5 Rxf5 16. c4 Rd8 17. Qb3 b6 18. Rad1 c6 19. a4 cxd5 20. Rxd5 Rdxd5 21. cxd5 Qd6 22. Rd1 Rh5 23. g3 Re5 24. f4 Re4 25. Kf2 Rb4 26. Qc2 b5 27. axb5 Rxb5 28. Qc4 Rc5 29. Qd4 a5 30. e4 Rc2+ 31. Kf3 Rxh2 32. e5 Qa3+ 33. Rd3 Qc1 34. Rd1 Qa3+ 35. Qe3 Qb2 36. d6 Qg2+ 37. Kg4 Qh3+ 38. Kf3 Qg2+ 39. Kg4 Qh3+ 40. Kf3 Qg2+ 41. Kg4 Qh3+ 1/2-1/2